<?xml version="1.0" encoding="UTF-8"?>
<record
    xmlns:xsi="http://www.w3.org/2001/XMLSchema-instance"
    xsi:schemaLocation="http://www.loc.gov/MARC21/slim http://www.loc.gov/standards/marcxml/schema/MARC21slim.xsd"
    xmlns="http://www.loc.gov/MARC21/slim">

  <leader>01394nam a2200193 a 4500</leader>
  <controlfield tag="001">000048282</controlfield>
  <controlfield tag="005">20201002061037.0</controlfield>
  <controlfield tag="008">181212s2004    dr ad         000 0 spa d</controlfield>
  <datafield tag="040" ind1=" " ind2=" ">
    <subfield code="a">DO-SdBNP</subfield>
    <subfield code="b">spa</subfield>
    <subfield code="c">BNPHU</subfield>
  </datafield>
  <datafield tag="082" ind1=" " ind2=" ">
    <subfield code="a">xx</subfield>
    <subfield code="b">xx</subfield>
  </datafield>
  <datafield tag="245" ind1="0" ind2="0">
    <subfield code="a">Estudio sobre el comercio fronterizo entre Rep&#xFA;blica Dominicana y la Rep&#xFA;blica de Hait&#xED; :</subfield>
    <subfield code="b">propuesta para la formalizaci&#xF3;n y humanizaci&#xF3;n del mercado binacional de Rep&#xFA;blica de Hait&#xED; y Rep&#xFA;blica Dominicana /</subfield>
    <subfield code="c">director Eddy Mart&#xED;nez Manzueta.</subfield>
  </datafield>
  <datafield tag="260" ind1=" " ind2=" ">
    <subfield code="a">Santo Domingo :</subfield>
    <subfield code="b">Centro de Exportaci&#xF3;n e Inversi&#xF3;n de la Rep&#xFA;blica Dominicana,</subfield>
    <subfield code="c">[200.</subfield>
  </datafield>
  <datafield tag="300" ind1=" " ind2=" ">
    <subfield code="a">204 p. :</subfield>
    <subfield code="b">il., retrs., gr&#xE1;f.</subfield>
  </datafield>
  <datafield tag="504" ind1=" " ind2=" ">
    <subfield code="a">Bibliograf&#xED;a : p. 203-204</subfield>
  </datafield>
  <datafield tag="505" ind1=" " ind2=" ">
    <subfield code="a">Introducci&#xF3;n --</subfield>
    <subfield code="t">Informe general de Hait&#xED; --</subfield>
    <subfield code="t">Principales puertos --</subfield>
    <subfield code="t">Comportamiento del comercio de Hait&#xED; --</subfield>
    <subfield code="t">Principales productos comerciales --</subfield>
    <subfield code="t">Exportaciones dominicanas hacia Hait&#xED;, por puerto de salida --</subfield>
    <subfield code="t">La frontera y sus condiciones generales --</subfield>
    <subfield code="t">An&#xE1;lisis del mercado fronterizo --</subfield>
    <subfield code="t">Carater&#xED;sticas de la demanda --</subfield>
    <subfield code="t">Oportunidades del Mercado haitiano --</subfield>
    <subfield code="t">Condiciones de accesoal mercado fronterizo --</subfield>
    <subfield code="t">Resultados de encuesta aplicada en mercado binacional fronterizos --</subfield>
    <subfield code="t">Conclusiones y recomendaciones</subfield>
  </datafield>
  <datafield tag="590" ind1=" " ind2=" ">
    <subfield code="a">Inventariado, 2019/VM</subfield>
  </datafield>
  <datafield tag="700" ind1=" " ind2=" ">
    <subfield code="a">Mart&#xED;nez Manzueta, Eddy</subfield>
    <subfield code="e">dir.</subfield>
    <subfield code="9">75709</subfield>
  </datafield>
  <datafield tag="710" ind1="2" ind2=" ">
    <subfield code="a">Centro de Exportaci&#xF3;n e Inversi&#xF3;n de la Rep&#xFA;blica Dominicana</subfield>
    <subfield code="9">75710</subfield>
  </datafield>
  <datafield tag="952" ind1=" " ind2=" ">
    <subfield code="0">0</subfield>
    <subfield code="1">0</subfield>
    <subfield code="7">1</subfield>
    <subfield code="8">PD</subfield>
    <subfield code="a">PD</subfield>
    <subfield code="b">PD</subfield>
    <subfield code="c">HD</subfield>
    <subfield code="d">2018-12-12</subfield>
    <subfield code="i">LF1</subfield>
    <subfield code="l">0</subfield>
    <subfield code="o">xx xx</subfield>
    <subfield code="p">48282-10</subfield>
    <subfield code="r">2020-06-25</subfield>
    <subfield code="w">2020-06-25</subfield>
    <subfield code="y">LFPD</subfield>
    <subfield code="Z">No se presta</subfield>
  </datafield>
  <datafield tag="952" ind1=" " ind2=" ">
    <subfield code="0">0</subfield>
    <subfield code="1">0</subfield>
    <subfield code="7">1</subfield>
    <subfield code="8">PD</subfield>
    <subfield code="a">PD</subfield>
    <subfield code="b">PD</subfield>
    <subfield code="c">HD</subfield>
    <subfield code="d">2019-04-01</subfield>
    <subfield code="i">LF1</subfield>
    <subfield code="l">0</subfield>
    <subfield code="o">xx xx</subfield>
    <subfield code="p">48282-20</subfield>
    <subfield code="r">2020-06-25</subfield>
    <subfield code="t">e. 2</subfield>
    <subfield code="w">2020-06-25</subfield>
    <subfield code="y">LFPD</subfield>
    <subfield code="Z">No se presta</subfield>
  </datafield>
  <datafield tag="999" ind1=" " ind2=" ">
    <subfield code="c">47770</subfield>
    <subfield code="d">47770</subfield>
  </datafield>
</record>
